000 00281nam a2200121Ia 4500
008 190216s9999||||xx |||||||||||||| ||und||
100 _aDavar Sr
245 0 _aMercantile Law
260 _bProgressive Corporation Pvt Ltd
_c1977
300 _a938p
650 _aCommerce
942 _cBK
999 _c5128
_d5128